000
00291nam a22001337a 4500
008
170405b xxu||||| |||| 00| 0 eng d
020
_a
0697058565
041
_a
eng
080
_2
3 ED
_a
574
100
_a
9
101
_a
SHM
245
_a
SOIL SCIENCE
_c
HAUSENBUILLER.R.L
942
_2
udc
_c
BK
999
_c
9741
_d
9741